News of a kidnapping / (Record no. 864)
[ view plain ]
| 000 -LEADER | |
|---|---|
| fixed length control field | 00633nam a2200193 ar4500 |
| 001 - CONTROL NUMBER | |
| control field | 864 |
| 005 - DATE AND TIME OF LATEST TRANSACTION | |
| control field | 20221127090034.0 |
| 008 - FIXED-LENGTH DATA ELEMENTS--GENERAL INFORMATION | |
| fixed length control field | 080615s xxu 00010|eng d |
| 020 ## - INTERNATIONAL STANDARD BOOK NUMBER | |
| International Standard Book Number | 0140269444 |
| 082 04 - DEWEY DECIMAL CLASSIFICATION NUMBER | |
| Classification number | 863.64 |
| Item number | G165 1997 |
| 100 1# - MAIN ENTRY--PERSONAL NAME | |
| Personal name | Garcia-Marquez, Gabriel, |
| Dates associated with a name | 2014. |
| 245 10 - TITLE STATEMENT | |
| Title | News of a kidnapping / |
| Statement of responsibility, etc. | G. Garcia Marquez; translated for Spanish by E. Grossman. |
| 260 ## - PUBLICATION, DISTRIBUTION, ETC. | |
| Place of publication, distribution, etc. | New York ; |
| -- | London : |
| Name of publisher, distributor, etc. | Penguin, |
| Date of publication, distribution, etc. | 1997. |
| 300 ## - PHYSICAL DESCRIPTION | |
| Extent | 291 p. ; |
| Dimensions | 20 cm. |
| 650 #4 - SUBJECT ADDED ENTRY--TOPICAL TERM | |
| Topical term or geographic name entry element | Spanish fiction |
| General subdivision | Translations into English. |
| 650 #4 - SUBJECT ADDED ENTRY--TOPICAL TERM | |
| Topical term or geographic name entry element | Spanish fiction |
| Chronological subdivision | 20th century. |
| 650 #4 - SUBJECT ADDED ENTRY--TOPICAL TERM | |
| Topical term or geographic name entry element | Kidnapping |
| Form subdivision | Fiction. |
| 700 0# - ADDED ENTRY--PERSONAL NAME | |
| Personal name | Grossman, Edith, |
| Relator term | translator. |
| Withdrawn status | Lost status | Source of classification or shelving scheme | Damaged status | Not for loan | Home library | Current library | Date acquired | Total Checkouts | Full call number | Barcode | Date last seen | Copy number | Price effective from | Koha item type |
|---|---|---|---|---|---|---|---|---|---|---|---|---|---|---|
| CENTRAL | CENTRAL | 11/27/2022 | 863.64 G165 1997 | 1000000000603 | 11/27/2022 | C1 | 11/27/2022 | Book |
